| 000 | 00485nam a22001817a 4500 | ||
|---|---|---|---|
| 005 | 20260415120846.0 | ||
| 008 | 260415b |||||||| |||| 00| 0 eng d | ||
| 020 | _a978-1-29204-158-2 | ||
| 050 | _aHV 68.D57 2014 | ||
| 100 | _aBOYLE SMITH FARLEY HULL MATHER | ||
| 245 | _aDIRECT PRACTICE IN SOCIAL WORK | ||
| 250 | _a2nd | ||
| 260 |
_aNEWYORK _bPEARSON _c2014 |
||
| 300 | _aX,642 | ||
| 500 | _aINCLUDES AN INDEX | ||
| 650 | _aSocial service- direct practice | ||
| 942 |
_2lcc _cBK |
||
| 999 |
_c216971 _d216971 |
||